[Event "HUN-chT2 Asztalos 0910"]
[Site "Hungary"]
[Date "2010.01.31"]
[Round "5"]
[White "Wolosz, Robert"]
[Black "Gyorke, Zoltan"]
[Result "0-1"]
[WhiteElo "1909"]
[BlackElo "2121"]
[PlyCount "62"]
[EventDate "2009.11.08"]
[EventType "team-tourn"]
[EventRounds "11"]
[EventCountry "HUN"]
[SourceTitle "EXT 2011"]
[Source "ChessBase"]
[SourceDate "2010.11.26"]
[SourceVersion "1"]
[SourceVersionDate "2010.11.26"]
[SourceQuality "1"]
[WhiteTeam "Pannonpower II"]
[BlackTeam "Komlo"]
[WhiteTeamCountry "HUN"]
[BlackTeamCountry "HUN"]

1. e4 c5 2. c3 d5 3. exd5 Qxd5 4. d4 cxd4 5. cxd4 e6 6. Nf3 Nf6 7. Nc3 Qd8 8. Bd3 Be7 9. 0-0 0-0 10. Bg5 Nc6 11. Ne2 Nd5 12. Bxe7 Qxe7 13. Ne5 Bd7 14. Be4 Nxe5 15. dxe5 Bc6 16. Nd4 Qh4 17. Re1 Rac8 18. Rc1 Bd7 19. Nf5 Qg5 20. Bxd5 exd5 21. Rxc8 Bxc8 22. Nd6 Be6 23. Qc1 Qg6 24. Re3 Qg5 25. Rc3 Qxe5 26. Nxb7 d4 27. Rc2 Qd5 28. Nc5 Bf5 29. Rc4 Re8 30. Kf1 Bh3 31. f3 Qxf3+ 0-1

[Event "HUN-chT2 Asztalos 0809"]
[Site "Hungary"]
[Date "2009.04.05"]
[Round "10"]
[White "Miovecz, Balint"]
[Black "Gyorke, Zoltan"]
[Result "1-0"]
[WhiteElo "1931"]
[BlackElo "2107"]
[PlyCount "69"]
[EventDate "2008.10.26"]
[EventType "team-tourn"]
[EventRounds "11"]
[EventCountry "HUN"]
[SourceTitle "EXT 2010"]
[Source "ChessBase"]
[SourceDate "2010.11.25"]
[SourceVersion "1"]
[SourceVersionDate "2010.11.25"]
[SourceQuality "1"]
[WhiteTeam "Szenna Pack II"]
[BlackTeam "Komlo"]
[WhiteTeamCountry "HUN"]
[BlackTeamCountry "HUN"]

1. e4 c5 2. c3 d5 3. exd5 Qxd5 4. d4 cxd4 5. Ne2 d3 6. Nf4 Qd8 7. Bxd3 Nf6 8. 0-0 e6 9. Be3 Be7 10. Qc2 0-0 11. Nd2 Nc6 12. Rad1 Qc7 13. Nf3 b6 14. Ng5 h6 15. Ne4 Bb7 16. Nxf6+ Bxf6 17. Nh5 Qe7 18. Be4 Rfd8 19. Qa4 Rxd1 20. Rxd1 Rd8 21. Rxd8+ Qxd8 22. Nxf6+ gxf6 23. h3 Qd6 24. Bxh6 f5 25. Bf3 e5 26. Qh4 e4 27. Bf4 Qg6 28. Bh5 Qg7 29. Bg5 e3 30. Bf6 exf2+ 31. Kxf2 Qh6 32. Bxf7+ Kh7 33. Qxh6+ Kxh6 34. g4 fxg4 35. hxg4 1-0

[Event "HUN-chT2 Asztalos 0809"]
[Site "Hungary"]
[Date "2008.10.26"]
[Round "1"]
[White "Gyorke, Zoltan"]
[Black "Nemeth, Miklos"]
[Result "1/2-1/2"]
[WhiteElo "2107"]
[BlackElo "2479"]
[PlyCount "86"]
[EventDate "2008.10.26"]
[EventType "team-tourn"]
[EventRounds "11"]
[EventCountry "HUN"]
[SourceTitle "EXT 2010"]
[Source "ChessBase"]
[SourceDate "2010.11.25"]
[SourceVersion "1"]
[SourceVersionDate "2010.11.25"]
[SourceQuality "1"]
[WhiteTeam "Komlo"]
[BlackTeam "Dunaujvaros"]
[WhiteTeamCountry "HUN"]
[BlackTeamCountry "HUN"]

1. d4 d5 2. c4 e6 3. Nc3 f5 4. f4 Nf6 5. Nf3 c6 6. e3 Bd6 7. Bd3 0-0 8. 0-0 Ne4 9. Ne5 Nd7 10. Bxe4 fxe4 11. c5 Bc7 12. Bd2 Nxe5 13. fxe5 b6 14. Rxf8+ Qxf8 15. Qa4 Bb7 16. Rf1 Qe8 17. b4 b5 18. Qd1 Qg6 19. Ne2 Qh5 20. Qe1 g5 21. Ng3 Qe8 22. Qe2 Bd8 23. Nh5 Qg6 24. Qg4 Bc8 25. Nf6+ Kg7 26. h4 gxh4 27. Qxh4 Kh8 28. Rf4 Bd7 29. Qxh7+ Qxh7 30. Nxh7 Kg7 31. Nf6 Bxf6 32. Rxf6 Rf8 33. Rf4 Rxf4 34. exf4 Kg6 35. g4 Bc8 36. Kf2 Bd7 37. Ke3 Bc8 38. Be1 a6 39. Bh4 Bd7 40. Be7 Bc8 41. a3 Bd7 42. Bh4 Bc8 43. Bg3 Bd7 1/2-1/2

[Event "HUN-chT2 Asztalos 0708"]
[Site "Hungary"]
[Date "2007.12.09"]
[Round "4"]
[White "Szunyogh, Istvan"]
[Black "Gyorke, Zoltan"]
[Result "1-0"]
[WhiteElo "2041"]
[BlackElo "2127"]
[PlyCount "89"]
[EventDate "2007.10.14"]
[EventType "team"]
[EventRounds "11"]
[EventCountry "HUN"]
[SourceTitle "EXT 2009"]
[Source "ChessBase"]
[SourceDate "2008.11.26"]
[SourceVersion "1"]
[SourceVersionDate "2008.11.26"]
[SourceQuality "1"]
[WhiteTeam "Elore MAV"]
[BlackTeam "Komlo Banyasz"]
[WhiteTeamCountry "HUN"]
[BlackTeamCountry "HUN"]

1. c4 c5 2. Nc3 e6 3. Nf3 Nc6 4. g3 Nf6 5. Bg2 d5 6. cxd5 Nxd5 7. 0-0 Nxc3 8. dxc3 Be7 9. Qxd8+ Bxd8 10. Bf4 Be7 11. Rad1 f6 12. Bd6 Bd7 13. Bxe7 Kxe7 14. Nd2 f5 15. f4 Rhd8 16. e4 Be8 17. exf5 exf5 18. Rfe1+ Kf6 19. Nb3 c4 20. Nc5 b6 21. Nb7 Rd3 22. Nd6 Bd7 23. Nxc4 Rxd1 24. Rxd1 Ke7 25. Ne5 Nxe5 26. Bxa8 Nc4 27. b3 Nd6 28. Kf2 Be8 29. Ke3 Bh5 30. Rd5 Bf7 31. Re5+ Kd7 32. Bd5 Bg6 33. Be6+ Kc6 34. c4 a5 35. a3 Kc7 36. c5 bxc5 37. Rxc5+ Kb6 38. b4 axb4 39. axb4 Ne4 40. Re5 Nd6 41. Rd5 Kc6 42. Kd4 Nb5+ 43. Ke5 Nc7 44. Rc5+ Kb6 45. Rxc7 1-0